| 000 | 00514 a2200157 4500 | ||
|---|---|---|---|
| 003 | Nust | ||
| 005 | 20170207154214.0 | ||
| 040 | _cNust | ||
| 082 | _a378.4 | ||
| 245 |
_aLondon Guildhall Uni _bLondon Guildhall Uni |
||
| 260 |
_aLondon _bLondon Guildhall Uni _c2001 |
||
| 300 | _a223 p. | ||
| 505 | _aIntroduction (Page-2) About our Study Programmes (Page-10) Supporting your Studies (Page-24) How to Apply (Page-38) International Dimension (Page-56) | ||
| 538 | _aAlmirah No. 117 Shelf No. 2 | ||
| 650 | _aUG Prospectus | ||
| 942 |
_2ddc _cBK |
||
| 999 |
_c195011 _d195011 |
||